Las bases de datos policiales de ADN

Bibliographic Details
Format: eBook
Language:Spanish
Published: Madrid : Dykinson, 2013
Subjects:
Online Access:Acceso restringido

MARC

LEADER 00000nam a22000007a 4500
005 20131127185010.0
007 cr|||| ||||
008 131127s2013 sp |||||s|||| 00||0 spa d
020 |a 978-84-9031-655-9 
035 |a 11663 
040 |a vLex 
090 |c 4593  |d 4593 
245 1 4 |a Las bases de datos policiales de ADN  |h [Recurso electrn̤ico]  
256 |a Servicio en ln̕ea 
260 |a Madrid :  |b Dykinson,  |c 2013 
300 |a 1 recurso electrn̤ico 
506 1 |a Contenido solo disponible en los productos indicados  |d vLex Global  |d vLex Global (Academic Edition, excluding Law Schools)  |d vLex Global (U.S. Academic Edition, Law Schools)  |d vLex Global (U.S. Academic Edition, excluding Law Schools)  |d vLex Global (Academic Edition, Law Schools) 
650 0 4 |a Bases de datos 
650 0 4 |a ADN 
740 0 |a vLex Libros (Servicio en ln̕ea) 
856 4 0 |u http://vlex.com/source/las-bases-datos-policiales-adn-11663  |z Acceso restringido 
942 |c BOOK 
999 0 |a Databases 
999 0 |a DNA